Normal view
MARC view
- Advent
Entry Topical Term
001 - CONTROL NUMBER
- control field: 80181
003 - CONTROL NUMBER IDENTIFIER
- control field: OSt
005 - DATE AND TIME OF LATEST TRANSACTION
- control field: 20211018043918.0
008 - FIXED-LENGTH DATA ELEMENTS
- fixed length control field: 211018|| aca||aabn | a|a d
040 ## - CATALOGING SOURCE
- Original cataloging agency: OSt
- Transcribing agency: OSt
150 ## - HEADING--TOPICAL TERM
- Topical term or geographic name as entry element: Advent
- Form subdivision: Prayers and devotion
670 ## - SOURCE DATA FOUND
- Source citation: Work cat.: (OSt)42803: Lucado, Max, Celebrating Christmas with Jesus: an advent devotional /, 2011